000 00458nam a22001697a 4500
999 _c524554
_d524554
003 NUST
005 20190624051130.0
038 _aMr. Zahoor
082 _a621.3
100 _aSaqib Ejaz Awan
_915360
245 _aAnalysis of EEG Signals for Detection of Epileptic Seizure /
_cSaqib Ejaz Awan
260 _aIslamabad :
_bCEME - NUST,
_c2015.
300 _a46 p. :
500 _aHard Bound
600 _2Computer Engineering- MS Thesis
942 _2ddc
_cTHE